Qui- Vocabulary Words - Statistics

General Stats
  • This quiz has been taken 1,779 times
    1,541 since last reset
  • The average score is 15 of 21
Answer Stats
Definition Answer % Correct
Fast Quick
99%
Not noisy Quiet
98%
Give up Quit
97%
You are taking one right now Quiz
94%
Woven blanket Quilt
91%
Tremble, shake Quiver
86%
Five musicians Quintet
85%
If you step in it, you'll sink Quicksand
83%
£1 (British slang) Quid
81%
Wing feather of a bird Quill
81%
Joke Quip
72%
Savory, open faced pastry dish Quiche
70%
Peculiar behavioural habit Quirk
69%
Used to treat malaria Quinine
64%
Increase fivefold Quintuple
58%
Fruit that looks like a pear Quince
53%
Grain crop with edible seeds Quinoa
53%
Fast ballroom dance Quickstep
49%
Slight objection or criticism Quibble
33%
Exceedingly idealistic Quixotic
27%
One twentieth of a ream Quire
19%
No matching quizzes found
Score Distribution
Percent of People with Each Score
Percentile by Number Answered
Your Score History
You have not taken this quiz since the last reset